<?xml version="1.0" encoding="UTF-8"?>
<record
    xmlns:xsi="http://www.w3.org/2001/XMLSchema-instance"
    xsi:schemaLocation="http://www.loc.gov/MARC21/slim http://www.loc.gov/standards/marcxml/schema/MARC21slim.xsd"
    xmlns="http://www.loc.gov/MARC21/slim">

  <leader>00866aaa a2200241 a 4500</leader>
  <controlfield tag="001">78688</controlfield>
  <controlfield tag="003">BD-RjUL</controlfield>
  <controlfield tag="005">20211209083148.0</controlfield>
  <controlfield tag="008">211102s20001397ir ||||| |||| 001 p per d</controlfield>
  <datafield tag="020" ind1=" " ind2=" ">
    <subfield code="a">9644352254</subfield>
    <subfield code="c">: rial 20000</subfield>
  </datafield>
  <datafield tag="035" ind1=" " ind2=" ">
    <subfield code="a">(BD-RjUL)78914</subfield>
  </datafield>
  <datafield tag="040" ind1=" " ind2=" ">
    <subfield code="a">BD-RjUL</subfield>
    <subfield code="b">eng</subfield>
    <subfield code="c">BD-RjUL</subfield>
  </datafield>
  <datafield tag="041" ind1=" " ind2=" ">
    <subfield code="a">per</subfield>
  </datafield>
  <datafield tag="082" ind1=" " ind2=" ">
    <subfield code="2">23</subfield>
    <subfield code="a">891.551</subfield>
    <subfield code="b">RAA 1397]2000[</subfield>
  </datafield>
  <datafield tag="100" ind1="1" ind2=" ">
    <subfield code="a">&#x631;&#x627;&#x633;&#x62A;&#x6AF;&#x648;&#x60C; &#x645;&#x62D;&#x645;&#x62F;. = Rastgu, Seyyed Mohammad </subfield>
    <subfield code="9">249555</subfield>
  </datafield>
  <datafield tag="245" ind1=" " ind2=" ">
    <subfield code="a">&#x627;&#x64A;&#x647;&#x627;&#x645; &#x62F;&#x631; &#x634;&#x639;&#x631; &#x641;&#x627;&#x631;&#x633;&#x64A; = Amphibology in Persian Poetry /</subfield>
    <subfield code="c">&#x645;&#x62D;&#x645;&#x62F; &#x631;&#x627;&#x633;&#x62A;&#x6AF;&#x648;  = Seyyed Mohammad Rastgu</subfield>
  </datafield>
  <datafield tag="260" ind1=" " ind2=" ">
    <subfield code="a"> Tihr&#x101;n :</subfield>
    <subfield code="b">&#x633;&#x631;&#x648;&#x634;= Soroush press     </subfield>
    <subfield code="c">1379[2000]</subfield>
  </datafield>
  <datafield tag="300" ind1=" " ind2=" ">
    <subfield code="a">526 p. ;</subfield>
    <subfield code="c">23 cm</subfield>
  </datafield>
  <datafield tag="650" ind1=" " ind2=" ">
    <subfield code="a">Persian poetry </subfield>
    <subfield code="v"> History and criticism.</subfield>
    <subfield code="9">249556</subfield>
  </datafield>
  <datafield tag="650" ind1=" " ind2=" ">
    <subfield code="a">Figures of speech in literature.</subfield>
    <subfield code="9">249557</subfield>
  </datafield>
  <datafield tag="650" ind1=" " ind2=" ">
    <subfield code="a">Persian language</subfield>
    <subfield code="v">Figures of speech.</subfield>
    <subfield code="9">249558</subfield>
  </datafield>
  <datafield tag="942" ind1=" " ind2=" ">
    <subfield code="2">ddc</subfield>
    <subfield code="c">BK</subfield>
  </datafield>
  <datafield tag="999" ind1=" " ind2=" ">
    <subfield code="c">78688</subfield>
    <subfield code="d">78688</subfield>
  </datafield>
  <datafield tag="952" ind1=" " ind2=" ">
    <subfield code="0">0</subfield>
    <subfield code="1">0</subfield>
    <subfield code="2">ddc</subfield>
    <subfield code="4">0</subfield>
    <subfield code="7">1</subfield>
    <subfield code="8">NFIC</subfield>
    <subfield code="a">RUCL</subfield>
    <subfield code="b">RUCL</subfield>
    <subfield code="c">Reading</subfield>
    <subfield code="d">2007-08-11</subfield>
    <subfield code="e">Iran Embassy, Dhaka</subfield>
    <subfield code="l">0</subfield>
    <subfield code="o">F 891.551 RAA 1397]2000[</subfield>
    <subfield code="r">2021-11-02 00:00:00</subfield>
    <subfield code="t">C-1</subfield>
    <subfield code="w">2021-11-02</subfield>
    <subfield code="y">BK</subfield>
  </datafield>
</record>
